Дело об утверждении ректором Дерптского университета профессора Ф. Рамбаха и деканами профессоров: Г.Л. Белендорфа, Ф. Лампе, М....

Доступно только в Электронных читальных залах Найти на картеНа карте
RUSMARC
00004668nmc2a2200000 x 450
001f63ea456-4f1e-4118-929d-2e769c2b8128
00520170113142138.0
100##$a20140507l18141814k l0rusy0189 ca
1010#$arus
102##$aRU
2001#$aДело об утверждении ректором Дерптского университета профессора Ф. Рамбаха и деканами профессоров: Г.Л. Белендорфа, Ф. Лампе, М.Э. Стикса, Х.В. Лебебура и Б.К. Моргенштерна
$j15 июня - 2 сентября 1814 г.
251##$cДело
300##$aДело
300##$aОриг. заголовок дела: Дело по представлению попечителя Дерптского учебного округа об утверждении избранных Дерптским университетом на следующий академический год в ректоры профессора Рамбаха, в деканы - Белендорфа, Лампе, Стикса, Ледебура и Моргенштерна, в председатели аппеляционного и ревизионного суда - профессора Кемо. 15 июня 1814 г. - 2 сентября 1814 г
801#0$aRU
$bРГИА
$c20140507
$gRCR
801#1$aRU
$bГлавНИВЦ
$c20140507
$2rusmarc
801#2$aRU
$bПБ им. Б.Н. Ельцина
$c20170113
$gRCR
$2rusmarc
850##$aРГИА
852##$aРГИА
$eФедеральное казенное учреждение "Российский государственный исторический архив" (РГИА)
$j170
937##$hРГИА
$d11168081
$aASBIBLIO_SCAN
462#0$10015faafd89-1df2-4e8f-a0ba-1d8a620713c6
$12001
$aДела Департамента народного просвещения по Дерптскому учебному округу за 1802-1836 гг.
$1251
$cОпись
$1852
$j56
461#0$1001a74412a3-3cc5-4d21-8f0a-dfe2fbd9e72d
$12001
$aДепартамент народного просвещения Министерства народного просвещения (1803-1917)
$1251
$cФонд
$1852
$j733
215##$a24 л.
$d36,5х26 см
371##$aДокумент не является опубликованным и широко распространяемым
105##$ay###
1222#$ad
5171#$aДело по представлению попечителя Дерптского учебного округа об утверждении избранных Дерптским университетом на следующий академический год в ректоры профессора Рамбаха, в деканы - Белендорфа, Лампе, Стикса, Ледебура и Моргенштерна, в председатели аппеляционного и ревизионного суда - профессора Кемо. 15 июня 1814 г. - 2 сентября 1814 г.
035##$af63ea456-4f1e-4118-929d-2e769c2b8128
856##$uhttp://readingroom.main.prlib.ru/item.aspx?id_node=n94255627&mode=full
Формат отображения